<?xml version="1.0" encoding="UTF-8"?>
<record
    xmlns:xsi="http://www.w3.org/2001/XMLSchema-instance"
    xsi:schemaLocation="http://www.loc.gov/MARC21/slim http://www.loc.gov/standards/marcxml/schema/MARC21slim.xsd"
    xmlns="http://www.loc.gov/MARC21/slim">

  <leader>02032cam a22003378a 4500</leader>
  <controlfield tag="001">17088619</controlfield>
  <controlfield tag="003">OSt</controlfield>
  <controlfield tag="005">20150408114220.0</controlfield>
  <controlfield tag="008">111215s2012    pau      b    001 0 eng  </controlfield>
  <datafield tag="010" ind1=" " ind2=" ">
    <subfield code="a">  2011051754</subfield>
  </datafield>
  <datafield tag="020" ind1=" " ind2=" ">
    <subfield code="a">9781455700844 (pbk. : alk. paper)</subfield>
  </datafield>
  <datafield tag="035" ind1=" " ind2=" ">
    <subfield code="a">(DNLM)101574715</subfield>
  </datafield>
  <datafield tag="040" ind1=" " ind2=" ">
    <subfield code="a">DNLM/DLC</subfield>
    <subfield code="c">DLC</subfield>
  </datafield>
  <datafield tag="042" ind1=" " ind2=" ">
    <subfield code="a">pcc</subfield>
  </datafield>
  <datafield tag="060" ind1="1" ind2="0">
    <subfield code="a">WN 18.2</subfield>
  </datafield>
  <datafield tag="082" ind1="0" ind2="0">
    <subfield code="a">616.07548 DRD</subfield>
    <subfield code="2">23</subfield>
  </datafield>
  <datafield tag="245" ind1="0" ind2="0">
    <subfield code="a">Duke review of MRI principles /</subfield>
    <subfield code="c">Wells Mangrum ... [et al.].</subfield>
  </datafield>
  <datafield tag="246" ind1="1" ind2=" ">
    <subfield code="a">Review of MRI principles</subfield>
  </datafield>
  <datafield tag="260" ind1=" " ind2=" ">
    <subfield code="a">Philadelphia, PA :</subfield>
    <subfield code="b">Elsevier/Mosby,</subfield>
    <subfield code="c">c2012.</subfield>
  </datafield>
  <datafield tag="263" ind1=" " ind2=" ">
    <subfield code="a">1204</subfield>
  </datafield>
  <datafield tag="300" ind1=" " ind2=" ">
    <subfield code="a">p. ;</subfield>
    <subfield code="c">cm.</subfield>
  </datafield>
  <datafield tag="490" ind1="1" ind2=" ">
    <subfield code="a">Case review series</subfield>
  </datafield>
  <datafield tag="504" ind1=" " ind2=" ">
    <subfield code="a">Includes bibliographical references and index.</subfield>
  </datafield>
  <datafield tag="505" ind1="0" ind2=" ">
    <subfield code="a">T1 contrast / Phil Hoang ... [et al.] -- T2 contrast / Scott Duncan and Tim Amrhein -- Proton density / Kimball Christianson ... [et al.] -- Gadolinium-based contrast agents / Kimball Christianson, Allen Song, Elmar Merkle -- Preparatory pulses / Phil Hoang ... [et al.] -- Inversion recovery / Phil Hoang ... [et al] -- Chemical shift type II artifact / Scott Duncan and Tim Amrhein -- Susceptibility artifact / Wells Mangrum, Elmar Merkle, Allen Song -- Motion, pulsation and other artifacts / Kimball Christianson ... [et al.] -- Flow related contrast / Scott Duncan and Tim Amrhein -- Time of flight imaging / Scott Duncan and Tim Amrhein -- Time-resolved contrast enhanced MRA / Kimball Christianson ... [et al.] -- Phase contrast / Scott Duncan and Tim Amrhein -- Diffusion MRI / Kimball Christianson ... [et al.] -- Perfusion MRI / Wells Mangrum ... [et al.] -- Magnetic resonance spectroscopy / Wells Mangrum, Allen Song, Jeffrey Petrella -- Function MRI -- Wells Mangrum ... [et al.].</subfield>
  </datafield>
  <datafield tag="650" ind1="1" ind2="2">
    <subfield code="a">Magnetic Resonance Imaging</subfield>
    <subfield code="v">Case Reports.</subfield>
    <subfield code="9">11153</subfield>
  </datafield>
  <datafield tag="650" ind1="1" ind2="2">
    <subfield code="a">Magnetic Resonance Imaging</subfield>
    <subfield code="v">Problems and Exercises.</subfield>
    <subfield code="9">18734</subfield>
  </datafield>
  <datafield tag="700" ind1="1" ind2=" ">
    <subfield code="a">Mangrum, Wells.</subfield>
    <subfield code="9">45667</subfield>
  </datafield>
  <datafield tag="830" ind1=" " ind2="0">
    <subfield code="a">Case review series.</subfield>
    <subfield code="9">45668</subfield>
  </datafield>
  <datafield tag="906" ind1=" " ind2=" ">
    <subfield code="a">7</subfield>
    <subfield code="b">cbc</subfield>
    <subfield code="c">orignew</subfield>
    <subfield code="d">1</subfield>
    <subfield code="e">ecip</subfield>
    <subfield code="f">20</subfield>
    <subfield code="g">y-gencatlg</subfield>
  </datafield>
  <datafield tag="942" ind1=" " ind2=" ">
    <subfield code="2">ddc</subfield>
    <subfield code="c">BOOK</subfield>
  </datafield>
  <datafield tag="999" ind1=" " ind2=" ">
    <subfield code="c">35305</subfield>
    <subfield code="d">269805</subfield>
  </datafield>
  <datafield tag="952" ind1=" " ind2=" ">
    <subfield code="1">0</subfield>
    <subfield code="2">2014-06-24</subfield>
    <subfield code="4">0</subfield>
    <subfield code="7">1</subfield>
    <subfield code="a">616.07548 DRD</subfield>
    <subfield code="c">1</subfield>
    <subfield code="d">2014-06-24</subfield>
    <subfield code="h">CL</subfield>
    <subfield code="i">00307345</subfield>
    <subfield code="m">CL</subfield>
    <subfield code="r">2014-06-24 00:00:00</subfield>
    <subfield code="t">BOOK</subfield>
    <subfield code="w">ddc</subfield>
    <subfield code="y">0</subfield>
  </datafield>
  <datafield tag="952" ind1=" " ind2=" ">
    <subfield code="1">0</subfield>
    <subfield code="2">2014-06-24</subfield>
    <subfield code="4">0</subfield>
    <subfield code="7">0</subfield>
    <subfield code="a">616.07548 DRD</subfield>
    <subfield code="c">2</subfield>
    <subfield code="d">2014-06-24</subfield>
    <subfield code="h">CL</subfield>
    <subfield code="i">00307346</subfield>
    <subfield code="m">CL</subfield>
    <subfield code="r">2014-06-24 00:00:00</subfield>
    <subfield code="t">BOOK</subfield>
    <subfield code="w">ddc</subfield>
    <subfield code="y">0</subfield>
  </datafield>
</record>
